Statistics for Monopoly Game Tokens Quiz

Click here to take the quiz!

General Stats

  • This quiz has been taken 27,351 times
    (6,386 since last reset)
  • The average score is 8 of 18

Answer Stats

Years Token % Correct
1937-Racecar
92%
1942-Scottie dog
89%
1937-Top hat
79%
1937-2017Boot
64%
1937-Battleship
63%
1937-2017Thimble
60%
1937-2013Iron
59%
2013-Cat
59%
1942-2000Horse and rider
44%
1937-1942Rocking horse
43%
1942-2017Wheelbarrow
36%
1999-2007Sack of money
29%
1937-2000Cannon
24%
2017-Rubber duck
12%
2017-T-Rex
12%
2017-Penguin
11%
1937-1942Purse
7%
1937-1942Lantern
6%

Score Distribution

Percentile by Number Answered

Percent of People with Each Score

Your Score History

You have not taken this quiz since the last reset